Missing Word: Top Grossing Movies (2008) Quiz Stats

 Plays Quiz Updated Sep 23, 2016

Challenge
Share
Tweet
Embed
Score 0/20 Timer 02:00
12 Plays Today
Movie Missing Word % Correct
____ Fu PandaKung
98.7%
Mamma ___!Mia
97.1%
Iron ___Man
96.6%
The Dark ______Knight
96%
Journey to the Center of the _____Earth
94.8%
Marley and __Me
93.7%
___ and the CitySex
92.9%
____·EWALL
92.6%
High School _______ 3: Senior YearMusical
88%
Horton _____ a Who!Hears
87.1%
Movie Missing Word % Correct
The _______ Case of Benjamin ButtonCurious
85%
_______ MillionaireSlumdog
81.9%
_______ of SolaceQuantum
77.5%
Gran ______Torino
70.6%
The Incredible ____Hulk
69.4%
The Chronicles of Narnia: Prince _______Caspian
68.8%
__,___ B.C.10,000
57%
Madagascar: ______ 2 AfricaEscape
55%
Indiana Jones and the _______ of the Crystal SkullKingdom
53.4%
The Mummy: ____ of the Dragon EmperorTomb
24.2%

Today's Daily Dose

You're not logged in!

Compare scores with friends on all Sporcle quizzes.
Join for Free
OR
Log In

You Might Also Like...

Show Comments

Extras

Top Quizzes Today


Score Distribution

Your Account Isn't Verified!

In order to create a playlist on Sporcle, you need to verify the email address you used during registration. Go to your Sporcle Settings to finish the process.

Report this User

Report this user for behavior that violates our Community Guidelines.

Details: